| 000 | 00631nam a2200181 i 4500 | ||
|---|---|---|---|
| 001 | 49432 | ||
| 003 | ES-MaACL | ||
| 005 | 20230906161946.0 | ||
| 007 | t| | ||
| 008 | 030715s1910 sp ||||1| spa d | ||
| 100 | 1 |
_aCoscollano Burillo, José. _940986 |
|
| 245 | 1 | 0 |
_aMemoría leída en la solemne apertura del curso de 1910 a 1911 / _cJosé Coscollano Burillo. |
| 260 |
_aCórdoba : _b[s.n.], _c1910 ( _fEst. Tip. La Puritana) |
||
| 300 |
_a55 p. ; _c22 cm. |
||
| 500 | _aPrecede al tít.: Instituto General y Técnico de Córdoba. | ||
| 710 | 2 |
_aInstituto General y Técnico de Córdoba. _95064 |
|
| 852 |
_aES-MaACL _jT-1218-F-2 |
||
| 999 |
_c49432 _d49432 |
||